• 首页
  • 本馆介绍
  • 公告通知
  • 最新文献
  • 馆藏检索
  • 电子资源
  • 读者导购
  • 参考咨询
  • 我的图书馆
  • 登录
  • 详细信息显示
  • 放入我的书架
  • 预约/预借图书
  • 作者相关作品
  • 分类相关作品
  • 丛书相关作品
  • 出版社相关作品

书目信息

  • 表格格式
  • 工作单格式
  • 卡片格式
题名:
绿色食品申报指南
    
 
作者: 张侨 , 李志芳 , 陈倩 主编 ;中国绿色食品发展中心 编
分册:   蔬菜卷
出版信息: 北京   中国农业科学技术出版社  2019.10
页数: 226页
开本: 21cm
丛书名:
单 册:
中图分类: S-01 , TS2-62
科图分类:
主题词: 绿色食品--lv se shi pin--申报--中国--指南 , 蔬菜--shu cai--绿色食品--申报--中国--指南
电子资源:
ISBN: 978-7-5116-4440-4
000 01236nam 2200325 450
001 CAL 0120192905773
005 20230303082524.76
010    @a978-7-5116-4440-4@dCNY39.00
100    @a20191211d2019 em y0chiy0120 ea
101 0  @achi
102    @aCN@b110000
105    @aak a 000yy
106    @ar
200 1  @a绿色食品申报指南@Alv se shi pin shen bao zhi nan@i蔬菜卷@f中国绿色食品发展中心编
210    @a北京@c中国农业科学技术出版社@d2019.10
215    @a226页@c彩图@d21cm
314    @a书内题: 张侨, 李志芳, 陈倩主编
320    @a有书目 (第225-226页)
330    @a本书介绍了绿色食品概念、发展与前景, 绿色食品蔬菜生产及技术要求, 绿色食品申报要求 (包括申报条件、申报流程、申报材料清单和要求) , 绿色食品申报范例, 绿色食品标志使用方法, 绿色食品申报常见问题。
517 1  @a蔬菜卷@Ashu cai juan
606 0  @a绿色食品@Alv se shi pin@x申报@y中国@j指南
606 0  @a蔬菜@Ashu cai@x绿色食品@x申报@y中国@j指南
690    @aS-01@v5
690    @aTS2-62@v5
701  0 @a张侨@Azhang qiao@4主编
701  0 @a李志芳@Ali zhi fang@4主编
701  0 @a陈倩@Achen qian@4主编
712 02 @a中国绿色食品发展中心@Azhong guo lv se shi pin fa zhan zhong xin@4编
801  0 @aCN@bBJXHZP@c20230228
905    @b1382693-6@dS-01@e58@f4
    
    绿色食品申报指南.蔬菜卷/中国绿色食品发展中心编.-北京:中国农业科学技术出版社,2019.10
    226页:彩图;21cm
    
    
    ISBN 978-7-5116-4440-4:CNY39.00
    本书介绍了绿色食品概念、发展与前景, 绿色食品蔬菜生产及技术要求, 绿色食品申报要求 (包括申报条件、申报流程、申报材料清单和要求) , 绿色食品申报范例, 绿色食品标志使用方法, 绿色食品申报常见问题。
●
相关链接 在E读中查询图书 在五车中查询图书 在当当中查询图书 在豆瓣中查询图书


正题名:绿色食品申报指南     索取号:S-01/58         预约/预借

序号 登录号 条形码 馆藏地/架位号 状态 备注
1 1382693   213826939   第二样本阅览室/ [索取号:S-01/58] 在馆    
2 1382694   213826948   第三借阅区/ [索取号:S-01/58] 在馆    
3 1382695   213826957   第三借阅区/ [索取号:S-01/58] 在馆    
4 1382696   213826966   第三借阅区/ [索取号:S-01/58] 在馆    
唐山师范学院图书馆 欢迎您!
大连网信软件有限公司© 版权所有